[Event "POL-chT4 Kujawsko-Pomorskie 1617"]
[Site "Poland"]
[Date "2017.01.29"]
[Round "7.24"]
[White "Szymczak, Przemyslaw"]
[Black "Pawlowski, Pawel"]
[Result "1/2-1/2"]
[WhiteElo "1610"]
[BlackElo "1719"]
[PlyCount "147"]
[EventDate "2016.11.06"]
[EventType "team-tourn"]
[EventRounds "11"]
[EventCountry "POL"]
[SourceTitle "EXT 2019"]
[Source "ChessBase"]
[SourceDate "2018.10.10"]
[SourceVersion "1"]
[SourceVersionDate "2018.10.10"]
[SourceQuality "1"]

1. d4 Nf6 2. c4 e6 3. Nc3 c5 4. e3 g6 5. g3 cxd4 6. exd4 Bg7 7. Bg2 0-0 8. Nf3 Nc6 9. 0-0 d5 10. b3 Ne4 11. Bb2 Nxc3 12. Bxc3 b6 13. Ne5 Nxe5 14. dxe5 Bb7 15. Qe2 Qc8 16. Rac1 dxc4 17. Bxb7 Qxb7 18. Bb4 Rfc8 19. bxc4 Rc6 20. Rc2 Rac8 21. Bd6 Qa6 22. Rfc1 Bh6 23. f4 Bf8 24. Bxf8 Kxf8 25. Qd3 Qb7 26. Rd1 Qe7 27. Qd7 Qxd7 28. Rxd7 R8c7 29. Rxc7 Rxc7 30. Kf2 Ke7 31. Ke2 Rc5 32. Kd3 h5 33. Kc3 f6 34. exf6+ Kxf6 35. Kd4 Ra5 36. Re2 Ra4 37. Kc3 Ra5 38. Rd2 Kf5 39. Kb3 g5 40. fxg5 Kxg5 41. Rd4 Re5 42. h4+ Kg6 43. Rd3 Kf5 44. Rd7 Ra5 45. Rf7+ Kg6 46. Rf8 e5 47. Rf3 e4 48. Rf4 Re5 49. Kc3 e3 50. Rf1 e2 51. Re1 Re3+ 52. Kd2 Rxg3 53. Rxe2 Rg4 54. Re7 Rxc4 55. Rxa7 Rxh4 56. Kc3 Rf4 57. Rb7 Rf6 58. Re7 Kg5 59. Re5+ Rf5 60. Re6 b5 61. Kd3 h4 62. Re8 Kg4 63. Ke2 h3 64. Rg8+ Rg5 65. Rh8 Kg3 66. Kf1 Rf5+ 67. Kg1 h2+ 68. Rxh2 Rc5 69. Rg2+ Kf3 70. Rb2 Ke3 71. Rb3+ Kd2 72. Kf2 Rc2 73. a3 Ra2 74. Re3 1/2-1/2

[Event "POL-chT4 Kujawsko-Pomorskie 1516"]
[Site "Poland"]
[Date "2016.01.10"]
[Round "5"]
[White "Lisiak, Rafal"]
[Black "Pawlowski, Pawel"]
[Result "0-1"]
[WhiteElo "1424"]
[BlackElo "1737"]
[PlyCount "110"]
[EventDate "2015.11.08"]
[EventType "team-tourn"]
[EventRounds "11"]
[EventCountry "POL"]
[SourceTitle "EXT 2019"]
[Source "ChessBase"]
[SourceDate "2018.10.10"]
[SourceVersion "1"]
[SourceVersionDate "2018.10.10"]
[SourceQuality "1"]

1. d4 Nf6 2. c4 g6 3. Nf3 Bg7 4. e3 0-0 5. Nc3 d6 6. Be2 Na6 7. 0-0 c5 8. dxc5 dxc5 9. Qxd8 Rxd8 10. Bd2 b6 11. Rfd1 Bb7 12. Rac1 Nc7 13. Be1 Kf8 14. Rxd8+ Rxd8 15. Rd1 Rd6 16. Rxd6 exd6 17. Bd2 Ke7 18. h3 h6 19. Kh2 h5 20. h4 Ng4+ 21. Kg1 Nf6 22. Kh2 Nd7 23. b3 f5 24. Nd1 Bf6 25. Bc3 Bxf3 26. Bxf6+ Kxf6 27. Bxf3 Ne5 28. Kg3 Nxf3 29. Kxf3 Ke5 30. Nc3 d5 31. cxd5 Nxd5 32. Nxd5 Kxd5 33. Kf4 b5 34. Kf3 c4 35. Ke2 Kc5 36. Kd2 a5 37. Kc3 b4+ 38. Kc2 c3 39. f3 Kd5 40. g3 Ke5 41. Kd3 Kf6 42. Kc2 g5 43. hxg5+ Kxg5 44. a3 h4 45. gxh4+ Kxh4 46. e4 fxe4 47. fxe4 Kg5 48. axb4 axb4 49. Kd3 Kf4 50. e5 Kxe5 51. Ke3 Kf5 52. Kd3 Kf4 53. Ke2 Ke4 54. Kd1 Kd3 55. Kc1 c2 0-1

[Event "POL-chT3 Kujawsko Pomorskie 1617"]
[Site "Poland"]
[Date "2016.??.??"]
[Round "1.14"]
[White "Pawlowski, Pawel"]
[Black "Urban, Jacek"]
[Result "1/2-1/2"]
[WhiteElo "1725"]
[BlackElo "1479"]
[PlyCount "125"]
[EventDate "2016.11.06"]
[EventType "team-tourn"]
[EventRounds "9"]
[EventCountry "POL"]
[SourceTitle "EXT 2018"]
[Source "ChessBase"]
[SourceDate "2017.10.13"]
[SourceVersion "1"]
[SourceVersionDate "2017.10.13"]
[SourceQuality "1"]

1. e4 e5 2. Nf3 Nf6 3. Nxe5 d6 4. Nf3 Nxe4 5. Nc3 Nf6 6. d4 Be7 7. Bd3 0-0 8. h3 Re8 9. 0-0 Nc6 10. a3 Bf8 11. Bg5 g6 12. Qd2 Be7 13. Rfe1 Nh5 14. Bh6 d5 15. Re2 Be6 16. b4 Nb8 17. Nd1 Nd7 18. c3 Bd6 19. Ne5 f5 20. Bg5 Nhf6 21. Nxd7 Bxd7 22. Rxe8+ Bxe8 23. Ne3 Bf7 24. Qc2 Be7 25. Re1 c6 26. g3 b5 27. Qe2 Ne4 28. Bxe7 Qxe7 29. Qc2 Qf6 30. Bxe4 fxe4 31. Ng4 Qg5 32. Ne5 Be8 33. Qe2 h5 34. h4 Qf5 35. f3 exf3 36. Qxf3 Qxf3 37. Nxf3 Kf8 38. Re6 a5 39. Ne5 axb4 40. axb4 Ra3 41. Nxg6+ Bxg6 42. Rxg6 Rxc3 43. Kf2 Kf7 44. Rd6 Rc4 45. Ke3 Rxb4 46. Rxc6 Rb3+ 47. Kf4 b4 48. Rd6 Rd3 49. Rxd5 b3 50. Rb5 Rxd4+ 51. Kg5 Rg4+ 52. Kxh5 Rxg3 53. Rb6 Rd3 54. Kh6 Rh3 55. Kg5 Ke7 56. h5 Rg3+ 57. Kf4 Rh3 58. Kg4 Rc3 59. Kf5 Kd7 60. h6 Rh3 61. h7 Kc7 62. h8Q Rxh8 63. Rxb3 1/2-1/2

[Event "POL-chT4 Kujawsko-Pomorskie 1516"]
[Site "Poland"]
[Date "2015.11.29"]
[Round "3"]
[White "Pawlowski, Pawel"]
[Black "Lesniak, Kacper"]
[Result "1-0"]
[WhiteElo "1737"]
[BlackElo "1282"]
[PlyCount "55"]
[EventDate "2015.11.08"]
[EventType "team-tourn"]
[EventRounds "11"]
[EventCountry "POL"]
[SourceTitle "EXT 2019"]
[Source "ChessBase"]
[SourceDate "2018.10.10"]
[SourceVersion "1"]
[SourceVersionDate "2018.10.10"]
[SourceQuality "1"]

1. Nf3 Nc6 2. e4 d6 3. d4 Bg4 4. Be2 e5 5. d5 Nce7 6. c4 g6 7. h3 Bxf3 8. Bxf3 Bg7 9. Nc3 Nf6 10. Be3 0-0 11. Qd2 Nc8 12. g4 c5 13. h4 Re8 14. h5 Ne7 15. Bh6 Kf8 16. Bxg7+ Kxg7 17. hxg6 Nxg6 18. Qh6+ Kg8 19. g5 Nd7 20. Qxh7+ Kf8 21. Bh5 Qxg5 22. Bxg6 Qxg6 23. Qxg6 fxg6 24. Nb5 Red8 25. Nxd6 b6 26. Nb5 Nf6 27. Nc7 Nxe4 28. Nxa8 1-0

[Event "Kowalewo Pomorskie op"]
[Site "Kowalewo Pomorskie"]
[Date "2013.07.13"]
[Round "6"]
[White "Chylewski, Patryk"]
[Black "Pawlowski, Pawel"]
[Result "1-0"]
[WhiteElo "1740"]
[BlackElo "1804"]
[PlyCount "87"]
[EventDate "2013.07.10"]
[EventType "swiss"]
[EventRounds "9"]
[EventCountry "POL"]
[SourceTitle "CBM 155 Extra"]
[Source "ChessBase"]
[SourceDate "2013.08.26"]
[SourceVersion "1"]
[SourceVersionDate "2013.08.26"]
[SourceQuality "1"]

1. e4 e6 2. d4 d5 3. Nc3 Bb4 4. e5 c5 5. a3 Bxc3+ 6. bxc3 Ne7 7. Nf3 Nbc6 8. a4 Bd7 9. Be2 cxd4 10. cxd4 Na5 11. 0-0 Rc8 12. Bd3 Nc4 13. Nd2 0-0 14. Bxc4 dxc4 15. Ne4 Bc6 16. Nd6 Rc7 17. Qg4 Qd7 18. h4 f5 19. Qg3 Nd5 20. a5 f4 21. Qg4 f3 22. g3 Nc3 23. Ba3 Bd5 24. Bc5 Ra8 25. Kh2 Rc6 26. Ra3 Ne2 27. Ne4 Rxc5 28. Nf6+ Kh8 29. Nxd7 Rc7 30. Nc5 Re7 31. Rd1 Rf8 32. Re3 Rf5 33. h5 h6 34. Rd2 Rg5 35. Qh4 Rf7 36. Ne4 c3 37. Rd1 Bxe4 38. Rxe4 Rff5 39. g4 Rf8 40. d5 exd5 41. Rxd5 Nf4 42. Rd6 Ne2 43. e6 Rxa5 44. e7 1-0

[Event "Gdansk op 14th"]
[Site "Gdansk"]
[Date "2012.07.28"]
[Round "8"]
[White "Pawlowski, Pawel"]
[Black "Frej, Zofia"]
[Result "1-0"]
[WhiteElo "1837"]
[BlackElo "1545"]
[PlyCount "41"]
[EventDate "2012.07.22"]
[EventType "swiss"]
[EventRounds "9"]
[EventCountry "POL"]
[SourceTitle "CBM 149 Extra"]
[Source "ChessBase"]
[SourceDate "2012.08.24"]
[SourceVersion "1"]
[SourceVersionDate "2012.08.24"]
[SourceQuality "1"]

1. c4 c5 2. Nf3 Nc6 3. d4 cxd4 4. Nxd4 Nf6 5. Nc3 d5 6. cxd5 Nxd5 7. Nxc6 bxc6 8. e4 Nxc3 9. Qxd8+ Kxd8 10. bxc3 Be6 11. Bf4 a5 12. Be2 f6 13. 0-0 Bf7 14. Rfd1+ Ke8 15. e5 h5 16. h4 Rg8 17. exf6 exf6 18. Bf3 Rc8 19. Re1+ Kd7 20. Rad1+ Bd5 21. c4 1-0

[Event "Gdansk op 14th"]
[Site "Gdansk"]
[Date "2012.07.25"]
[Round "5"]
[White "Pawlowski, Pawel"]
[Black "Garbowski, Jakub"]
[Result "1/2-1/2"]
[WhiteElo "1837"]
[BlackElo "1572"]
[PlyCount "79"]
[EventDate "2012.07.22"]
[EventType "swiss"]
[EventRounds "9"]
[EventCountry "POL"]
[SourceTitle "CBM 149 Extra"]
[Source "ChessBase"]
[SourceDate "2012.08.24"]
[SourceVersion "1"]
[SourceVersionDate "2012.08.24"]
[SourceQuality "1"]

1. Nf3 Nf6 2. g3 g6 3. Bg2 Bg7 4. 0-0 d5 5. c4 0-0 6. d4 dxc4 7. Nc3 c5 8. dxc5 Qa5 9. e4 Nc6 10. Qe2 Qxc5 11. Be3 Qa5 12. Qxc4 Be6 13. Qe2 h6 14. h3 Rfd8 15. Rfd1 Rac8 16. Rd2 a6 17. a3 b5 18. Rad1 Bc4 19. Rxd8+ Rxd8 20. Rxd8+ Qxd8 21. Qd2 Qxd2 22. Bxd2 e5 23. Bf1 Be6 24. Be3 Nd7 25. Bg2 Na5 26. Nd2 Nc4 27. Nxc4 Bxc4 28. Bf1 Be6 29. f3 Kf8 30. Kf2 Ke7 31. Ke1 Kd6 32. b4 Kc6 33. h4 Nb6 34. Bc1 Bf8 35. Kf2 Nc4 36. Be2 f6 37. Bd3 g5 38. hxg5 hxg5 39. Bf1 Bf7 40. Bg2 1/2-1/2

[Event "POL-chT3 1112"]
[Site "Poland"]
[Date "2012.04.01"]
[Round "10.23"]
[White "Dezakowski, Przemyslaw"]
[Black "Pawlowski, Pawel"]
[Result "1/2-1/2"]
[WhiteElo "1964"]
[BlackElo "1841"]
[PlyCount "65"]
[EventDate "2011.11.06"]
[EventType "team-tourn"]
[EventRounds "11"]
[EventCountry "POL"]
[SourceTitle "EXT 2015"]
[Source "ChessBase"]
[SourceDate "2014.11.20"]
[SourceVersion "1"]
[SourceVersionDate "2014.11.20"]
[SourceQuality "1"]
[WhiteTeam "Bydgoszcz SSz Pocztowiec"]
[BlackTeam "Torun UKS OPP"]
[WhiteTeamCountry "POL"]
[BlackTeamCountry "POL"]

1. d4 d5 2. Nf3 Nf6 3. c4 c6 4. Nc3 a6 5. e3 e6 6. Be2 Nbd7 7. Qc2 dxc4 8. Bxc4 b5 9. Bd3 Bb7 10. 0-0 c5 11. Ne5 c4 12. Be2 Rc8 13. a3 Be7 14. f4 Qb6 15. Bf3 0-0 16. Qe2 Rfd8 17. Kh1 Bxf3 18. Qxf3 Rc7 19. Bd2 Bf8 20. Be1 Qb7 21. Qe2 Rdc8 22. Nxd7 Rxd7 23. f5 exf5 24. Rxf5 Re8 25. Qf3 Qxf3 26. Rxf3 Ne4 27. Kg1 g6 28. Nxe4 Rxe4 29. Kf2 f5 30. Bd2 Bd6 31. h3 f4 32. exf4 Rxd4 33. Be3 1/2-1/2

[Event "Kowalewo Pomorskie op-B 16th"]
[Site "Kowalewo Pomorskie"]
[Date "2009.07.05"]
[Round "2"]
[White "Sokolowska, Aneta"]
[Black "Pawlowski, Pawel"]
[Result "0-1"]
[WhiteElo "1688"]
[BlackElo "1884"]
[PlyCount "108"]
[EventDate "2009.07.04"]
[EventType "swiss"]
[EventRounds "9"]
[EventCountry "POL"]
[SourceTitle "EXT 2011"]
[Source "ChessBase"]
[SourceDate "2010.11.26"]
[SourceVersion "1"]
[SourceVersionDate "2010.11.26"]
[SourceQuality "1"]

1. c4 c5 2. Nc3 Nc6 3. Nf3 g6 4. d4 cxd4 5. Nxd4 Bg7 6. e3 Nf6 7. Be2 0-0 8. 0-0 Rb8 9. Rb1 d6 10. Bf3 Ne5 11. Be2 Bd7 12. Kh1 Qc8 13. b3 b6 14. Bb2 Qb7 15. Kg1 Rfd8 16. Nf3 Bc6 17. Re1 Nxf3+ 18. Bxf3 Bxf3 19. Qxf3 Qxf3 20. gxf3 Rb7 21. Re2 Rc8 22. Rd1 Rc5 23. Ba3 Rg5+ 24. Kf1 Rh5 25. Kg1 a6 26. Rc2 Rc7 27. Rdd2 Rc6 28. Ne2 Ne8 29. Ng3 Rh4 30. Bb2 Bxb2 31. Rxb2 Rc5 32. Rd5 Nf6 33. Rxc5 bxc5 34. e4 Nd7 35. b4 cxb4 36. Rxb4 Nc5 37. Rb8+ Kg7 38. Rc8 Kf6 39. Rc7 Ke6 40. Ne2 f5 41. Kg2 fxe4 42. Kg3 Rh6 43. Nd4+ Kf6 44. Nc6 exf3 45. Nxe7 Ne4+ 46. Kxf3 Ke5 47. Nc6+ Kf5 48. Rf7+ Nf6 49. Nb4 Ke6 50. Rc7 Rxh2 51. Nxa6 Rh3+ 52. Kf4 Ra3 53. Nb4 h6 54. Nc2 g5# 0-1

[Event "Chelmza op-A"]
[Site "Chelmza"]
[Date "2009.06.23"]
[Round "5"]
[White "Pawlowski, Pawel"]
[Black "Sliwicki, Damian"]
[Result "0-1"]
[WhiteElo "1884"]
[BlackElo "1780"]
[PlyCount "98"]
[EventDate "2009.06.20"]
[EventType "swiss"]
[EventRounds "9"]
[EventCountry "POL"]
[SourceTitle "EXT 2012"]
[Source "ChessBase"]
[SourceDate "2011.11.24"]
[SourceVersion "1"]
[SourceVersionDate "2011.11.24"]
[SourceQuality "1"]

1. c4 e5 2. Nc3 Nf6 3. g3 d5 4. cxd5 Nxd5 5. Bg2 Be6 6. d3 Bc5 7. Nf3 Nc6 8. 0-0 0-0 9. Bd2 f5 10. Rc1 Be7 11. a3 Qd7 12. b4 a6 13. Na4 b6 14. Rxc6 Qxc6 15. Nxe5 Qd6 16. Nf3 Bf6 17. Bg5 Bd7 18. Bxf6 Qxf6 19. e4 Ne7 20. e5 Qh6 21. Nc3 Rad8 22. d4 Bc6 23. Qb3+ Kh8 24. Rd1 Nd5 25. Nh4 Qe6 26. Nxd5 Bxd5 27. Bxd5 Qxd5 28. Qxd5 Rxd5 29. f4 c5 30. bxc5 bxc5 31. Rc1 g5 32. fxg5 cxd4 33. g6 d3 34. gxh7 Kxh7 35. Nf3 d2 36. Rd1 Kg6 37. Kf2 Rfd8 38. Ke2 Ra5 39. Rxd2 Rxd2+ 40. Kxd2 Rxa3 41. Ke2 Ra2+ 42. Ke3 a5 43. Kd4 a4 44. Kd5 a3 45. h4 Rf2 46. h5+ Kxh5 47. Nd4 Rd2 48. e6 a2 49. e7 Rxd4+ 0-1

[Event "Chelmza op-A"]
[Site "Chelmza"]
[Date "2009.06.21"]
[Round "2"]
[White "Bokiej, Przemyslaw"]
[Black "Pawlowski, Pawel"]
[Result "1-0"]
[WhiteElo "2028"]
[BlackElo "1884"]
[PlyCount "65"]
[EventDate "2009.06.20"]
[EventType "swiss"]
[EventRounds "9"]
[EventCountry "POL"]
[SourceTitle "EXT 2012"]
[Source "ChessBase"]
[SourceDate "2011.11.24"]
[SourceVersion "1"]
[SourceVersionDate "2011.11.24"]
[SourceQuality "1"]

1. e4 c6 2. Nc3 d5 3. Nf3 Bg4 4. h3 Bxf3 5. Qxf3 d4 6. Ne2 e5 7. Ng3 Qf6 8. Qb3 b6 9. Bc4 b5 10. a4 b4 11. c3 dxc3 12. dxc3 Nd7 13. cxb4 Rb8 14. b5 Bc5 15. 0-0 Ne7 16. Kh2 g5 17. Be3 0-0 18. Rad1 Bd4 19. Nh5 Qg6 20. Bxd4 exd4 21. Rxd4 Qxh5 22. Rxd7 cxb5 23. axb5 Nc8 24. e5 Nb6 25. Rxa7 Nxc4 26. Qxc4 Rb6 27. Ra6 Qg6 28. f4 g4 29. f5 g3+ 30. Kh1 Qh6 31. f6 Rxa6 32. bxa6 Re8 33. a7 1-0

[Event "POL-ch Army"]
[Site "Kolobrzeg"]
[Date "2008.03.11"]
[Round "2"]
[White "Krainski, Slawomir"]
[Black "Pawlowski, Pawel"]
[Result "1/2-1/2"]
[WhiteElo "2117"]
[BlackElo "1910"]
[PlyCount "95"]
[EventDate "2008.03.11"]
[EventType "swiss"]
[EventRounds "9"]
[EventCountry "POL"]
[SourceTitle "EXT 2010"]
[Source "ChessBase"]
[SourceDate "2010.11.25"]
[SourceVersion "1"]
[SourceVersionDate "2010.11.25"]
[SourceQuality "1"]

1. e4 e6 2. d4 d5 3. e5 c5 4. c3 Nc6 5. Nf3 Bd7 6. a3 Qb6 7. b4 cxd4 8. cxd4 Rc8 9. Be2 Nxd4 10. Nxd4 Rxc1 11. Qxc1 Qxd4 12. Qc3 Qb6 13. Nd2 Ne7 14. Rc1 Nc6 15. 0-0 Be7 16. Nb3 0-0 17. b5 d4 18. Qd2 Bxa3 19. bxc6 Bxc1 20. Rxc1 Bxc6 21. Nc5 Rd8 22. Qf4 Qb2 23. Bh5 g6 24. Bf3 d3 25. Bxc6 d2 26. Rd1 Qc2 27. Bf3 Qxc5 28. Bxb7 Qc3 29. h4 Rd4 30. Qf6 Qb4 31. Bf3 h5 32. Qg5 Kh7 33. g3 a5 34. Qe3 a4 35. Qe2 a3 36. Qa6 Qc3 37. Kg2 Qb2 38. Qb7 Qxb7 39. Bxb7 a2 40. Bf3 Rb4 41. Ra1 Rb1 42. Rxa2 d1Q 43. Bxd1 Rxd1 44. Re2 Kg7 45. Kf3 Rc1 46. Kf4 Rc4+ 47. Re4 Rc2 48. f3 1/2-1/2

[Event "Kowalewo Pomorskie op-B"]
[Site "Kowalewo Pomorskie"]
[Date "2007.07.08"]
[Round "6.22"]
[White "Pawlowski, Pawel"]
[Black "Kuban, Wieslaw"]
[Result "1-0"]
[WhiteElo "1938"]
[BlackElo "1805"]
[PlyCount "69"]
[EventDate "2007.07.04"]
[EventType "swiss"]
[EventRounds "9"]
[EventCountry "POL"]
[SourceTitle "EXT 2023"]
[Source "ChessBase"]
[SourceDate "2022.10.05"]
[SourceVersion "1"]
[SourceVersionDate "2022.10.05"]
[SourceQuality "1"]

1. e4 e5 2. Nf3 Nc6 3. Bc4 Nf6 4. d3 Be7 5. 0-0 0-0 6. c3 d6 7. Bb3 Bg4 8. Bg5 Qd7 9. Nbd2 Rad8 10. Re1 h6 11. Bxf6 Bxf6 12. Qc2 Ne7 13. Kh1 g5 14. Ng1 Ng6 15. Nf1 c6 16. Ne3 Be6 17. Ne2 d5 18. exd5 cxd5 19. d4 e4 20. Ng3 Nf4 21. Rf1 Be7 22. f3 f5 23. fxe4 dxe4 24. Ngxf5 Bxb3 25. Qxb3+ Kh7 26. Nxe7 Qxe7 27. Qc2 Nd3 28. Kg1 Rf4 29. g3 Rff8 30. Qe2 Qe6 31. b3 Qh3 32. Qg4 Qxg4 33. Nxg4 Kg6 34. Nf2 Rf3 35. Nxe4 1-0